Μαθήματα προγραμματισμού : εισαγωγή με τη γλώσσα Pascal

Αποθηκεύτηκε σε:
Λεπτομέρειες βιβλιογραφικής εγγραφής
Κύριος συγγραφέας: Αλεβίζος, Θ.
Άλλοι συγγραφείς: Καμπουρέλης, Α.
Μορφή: Βιβλίο
Γλώσσα:Greek
Δημοσίευση: Αθήνα : 1988
Έκδοση:2η έκδ.
Θέματα:
Ετικέτες: Προσθήκη ετικέτας
Δεν υπάρχουν, Καταχωρήστε ετικέτα πρώτοι!

MARC

LEADER 00000nam a2200000 i 4500
001 1/103469
008 950516s1988 gre d
035 |l 10012901 
040 |a GR-MY-UA  |b gre  |e aacr 
041 0 |a gre 
082 0 |a 005.133 
100 1 |a Αλεβίζος, Θ. 
245 1 0 |a Μαθήματα προγραμματισμού :  |b εισαγωγή με τη γλώσσα Pascal /  |c Θ. Αλεβίζου; Α. Καμπουρέλη 
250 |a 2η έκδ. 
260 |a Αθήνα :   |c 1988 
300 |a 463 σ.  |b πίν. 
500 |a Περιεχόμενα:Καλύπτει την Turbo Pascal V.4/5 - Δεκάδες παραδείγματα και λυμένες ασκήσεις - Εχει λεξικό αγγλικών όρων 
504 |a Περιέχει ευρετήριο 
650 0 0 |a Pascal (Computer program language) 
700 1 |a Καμπουρέλης, Α. 
852 |a INST  |b CHIOS  |e 20141010  |h 005.133 ΑΛΕ  |p 005200035976  |q 005200035976  |t BK  |y 0 
852 |a INST  |b LESVOS  |e 19950516  |h 005.133 ΑΛΕ  |p 005100006642  |q 005100006642  |t BK  |y 0 
852 |a INST  |b LESVOS  |e 19950516  |h 005.133 ΑΛΕ  |p 005100006643  |q 005100006643  |t BK  |y 0 
852 |a INST  |b LESVOS  |e 19950516  |h 005.133 ΑΛΕ  |p 005100006644  |q 005100006644  |t BK  |y 0 
852 |a INST  |b LESVOS  |e 19950516  |h 005.133 ΑΛΕ  |p 005100006645  |q 005100006645  |t BK  |y 0 
852 |a INST  |b LESVOS  |e 19950516  |h 005.133 ΑΛΕ  |p 005100006646  |q 005100006646  |t BK  |y 0 
901 |a BIBL2-2014-3 
909 |a Λ  |b 019534 
909 |a Χ  |b 048358